| 000 | 00587nam a2200181Ia 4500 | ||
|---|---|---|---|
| 008 | 151202s9999||||xx |||||||||||||| ||und|| | ||
| 082 | _bPNVM-36832 | ||
| 100 | _aगस्ती भीमराव. | ||
| 245 | _aबेरड -आत्मकथन. | ||
| 260 | _bपारख प्रकाशन बेळगाव. | ||
| 260 | _c1987 | ||
| 300 | _a330 | ||
| 600 | _aगस्ती भीमराव. | ||
| 630 | _aबेरड -आत्मकथन. | ||
| 700 | _aगस्ती भीमराव. | ||
| 730 | _aबेरड -आत्मकथन. | ||
| 942 | _cBOOK | ||
| 999 |
_c1302784 _d1302781 |
||